00373nam a2200181Ia 4500003000900000008004100009040001300050040001300063041000800076100002100084245002100105250000900126260002100135260000900156300000800165490001200173490000600185IT-RoPAU120407s9999 xx 000 0 und d aIT-RoPAU cIT-RoPAU aita aJacques Leclercq aAscesi cristiana aAlba aEdizioni Paoline c1955 c cm aCat. II v1